Formule 1 : Top 10 depuis 2000 - Statistiques

Statistiques générales
  • Ce quiz a été pris 2 025 fois
    1 938 depuis la dernière actualisation
  • Le résultat moyen est 177 sur 230
Statistiques - réponses
Rang Ecuries Pilotes Points Victoires Podiums % Correct
1 Mercedes L. Hamilton 347 11 14
99%
2 McLaren-Mercedes L. Hamilton 109 4 12
98%
1 McLaren-Mercedes L. Hamilton 98 5 10
98%
5 McLaren-Mercedes L. Hamilton 49 2 5
98%
4 McLaren-Mercedes L. Hamilton 240 3 9
98%
5 McLaren-Mercedes L. Hamilton 227 3 6
98%
4 McLaren-Mercedes L. Hamilton 190 4 7
98%
4 Mercedes L. Hamilton 189 1 5
98%
1 Mercedes L. Hamilton 384 11 16
98%
1 Mercedes L. Hamilton 381 10 17
98%
2 Mercedes L. Hamilton 380 10 17
98%
1 Mercedes L. Hamilton 363 9 13
98%
1 Mercedes L. Hamilton 408 11 17
98%
1 Mercedes L. Hamilton 413 11 17
98%
2 Mercedes L. Hamilton 387.5 8 17
98%
6 Mercedes L. Hamilton 240 0 9
98%
1 Ferrari M. Schumacher 108 9 12
96%
1 Ferrari M. Schumacher 123 9 14
96%
1 Ferrari M. Schumacher 144 11 17
96%
1 Ferrari M. Schumacher 93 6 8
96%
1 Ferrari M. Schumacher 148 13 15
96%
3 Ferrari M. Schumacher 62 1 5
96%
2 Ferrari M. Schumacher 121 7 12
96%
9 Mercedes M. Schumacher 72 0 0
96%
8 Mercedes M. Schumacher 76 0 0
96%
5 Williams-BMW R. Schumacher 24 0 3
96%
4 Williams-BMW R. Schumacher 49 3 5
96%
4 Williams-BMW R. Schumacher 42 1 6
96%
5 Williams-BMW R. Schumacher 58 2 3
96%
9 Williams-BMW R. Schumacher 24 0 1
96%
6 Toyota R. Schumacher 45 0 2
96%
10 Toyota R. Schumacher 20 0 1
96%
6 Renault F. Alonso 55 1 4
94%
4 Renault F. Alonso 59 0 4
94%
1 Renault F. Alonso 133 7 15
94%
1 Renault F. Alonso 134 7 14
94%
3 McLaren-Mercedes F. Alonso 109 4 12
94%
5 Renault F. Alonso 61 2 3
94%
9 Renault F. Alonso 26 0 1
94%
2 Ferrari F. Alonso 252 5 10
94%
4 Ferrari F. Alonso 257 1 10
94%
2 Ferrari F. Alonso 278 3 13
94%
2 Ferrari F. Alonso 242 2 9
94%
6 Ferrari F. Alonso 161 0 2
94%
10 McLaren-Honda F. Alonso 54 0 0
94%
10 Alpine F. Alonso 81 0 1
94%
9 Alpine F. Alonso 81 0 0
94%
5 Red Bull-TAG Heuer / Toro Rosso-Ferrari M. Verstappen 204 1 7
94%
6 Red Bull-TAG Heuer M. Verstappen 168 2 4
94%
4 Red Bull-TAG Heuer M. Verstappen 249 2 11
94%
3 Red Bull-Honda M. Verstappen 278 3 9
94%
3 Red Bull-Honda M. Verstappen 214 2 11
94%
1 Red Bull M. Verstappen 395.5 10 18
94%
1 Red Bull M. Verstappen 454 15 17
94%
8 Toro Rosso-Ferrari S. Vettel 35 1 1
94%
2 Red Bull-Renault S. Vettel 84 4 8
94%
1 Red Bull-Renault S. Vettel 256 5 10
94%
1 Red Bull-Renault S. Vettel 392 11 17
94%
1 Red Bull-Renault S. Vettel 281 5 10
94%
1 Red Bull-Renault S. Vettel 397 13 16
94%
5 Red Bull-Renault S. Vettel 167 0 4
94%
3 Ferrari S. Vettel 278 3 13
94%
4 Ferrari S. Vettel 212 0 7
94%
2 Ferrari S. Vettel 317 5 13
94%
2 Ferrari S. Vettel 320 5 12
94%
5 Ferrari S. Vettel 240 1 9
94%
4 Ferrari C. Leclerc 264 2 10
93%
8 Ferrari C. Leclerc 98 0 2
93%
7 Ferrari C. Leclerc 159 0 1
93%
2 Ferrari C. Leclerc 308 3 11
93%
9 Toro Rosso-Renault / Renault C. Sainz Jr. 54 0 0
91%
10 Renault C. Sainz Jr. 53 0 0
91%
6 McLaren-Renault C. Sainz Jr. 96 0 1
91%
6 McLaren-Renault C. Sainz Jr. 105 0 1
91%
5 Ferrari C. Sainz Jr. 164.5 0 4
91%
5 Ferrari C. Sainz Jr. 246 1 9
91%
9 McLaren-Renault L. Norris 97 0 1
91%
6 McLaren L. Norris 160 0 4
91%
7 McLaren L. Norris 122 0 1
91%
7 Toro Rosso-Honda / Red Bull-Honda P. Gasly 95 0 1
91%
10 AlphaTauri-Honda P. Gasly 75 1 1
91%
9 AlphaTauri P. Gasly 110 0 1
91%
8 Force India-Mercedes E. Ocon 87 0 0
90%
8 Alpine E. Ocon 92 0 0
90%
10 Sauber-Ferrari S. Perez 66 0 3
90%
10 Force India-Mercedes S. Perez 59 0 1
90%
9 Force India-Mercedes S. Perez 78 0 1
90%
7 Force India-Mercedes S. Perez 101 0 2
90%
7 Force India-Mercedes S. Perez 100 0 0
90%
8 Force India-Mercedes S. Perez 62 0 1
90%
10 Racing Point-Mercedes S. Perez 52 0 0
90%
4 Racing Point-Mercedes S. Perez 125 1 2
90%
4 Red Bull S. Perez 190 1 5
90%
3 Red Bull S. Perez 305 2 11
90%
4 Williams-Mercedes V. Bottas 186 0 6
89%
5 Williams-Mercedes V. Bottas 136 0 2
89%
8 Williams-Mercedes V. Bottas 85 0 1
89%
3 Mercedes V. Bottas 305 3 13
89%
5 Mercedes V. Bottas 247 0 8
89%
2 Mercedes V. Bottas 326 4 15
89%
2 Mercedes V. Bottas 223 2 11
89%
3 Mercedes V. Bottas 226 1 11
89%
10 Alfa Romeo V. Bottas 49 0 0
89%
3 Red Bull-Renault D. Ricciardo 238 3 8
87%
8 Red Bull-Renault D. Ricciardo 92 0 2
87%
3 Red Bull-TAG Heuer D. Ricciardo 256 1 8
87%
5 Red Bull-TAG Heuer D. Ricciardo 200 1 9
87%
6 Red Bull-TAG Heuer D. Ricciardo 170 2 2
87%
9 Renault D. Ricciardo 54 0 0
87%
5 Renault D. Ricciardo 119 0 2
87%
8 McLaren D. Ricciardo 115 1 1
87%
9 Williams-Toyota N. Rosberg 20 0 0
87%
7 Williams-Toyota N. Rosberg 34,5 0 0
87%
7 Mercedes N. Rosberg 142 0 3
87%
7 Mercedes N. Rosberg 89 0 0
87%
9 Mercedes N. Rosberg 93 1 2
87%
6 Mercedes N. Rosberg 171 2 4
87%
2 Mercedes N. Rosberg 317 5 15
87%
2 Mercedes N. Rosberg 322 6 15
87%
1 Mercedes N. Rosberg 385 9 16
87%
4 Mercedes G. Russel 275 1 8
86%
10 Sauber-Petronas K. Räikkönen 9 0 0
85%
6 McLaren-Mercedes K. Räikkönen 24 0 4
85%
2 McLaren-Mercedes K. Räikkönen 91 1 10
85%
7 McLaren-Mercedes K. Räikkönen 45 1 4
85%
2 McLaren-Mercedes K. Räikkönen 112 7 12
85%
5 McLaren-Mercedes K. Räikkönen 65 0 6
85%
1 Ferrari K. Räikkönen 110 6 12
85%
3 Ferrari K. Räikkönen 75 2 9
85%
6 Ferrari K. Räikkönen 48 1 5
85%
3 Lotus-Renault K. Räikkönen 207 1 7
85%
5 Lotus-Renault K. Räikkönen 183 1 8
85%
4 Ferrari K. Räikkönen 150 0 3
85%
6 Ferrari K. Räikkönen 186 0 4
85%
4 Ferrari K. Räikkönen 205 0 7
85%
3 Ferrari K. Räikkönen 251 1 12
85%
8 Williams-BMW J. Button 12 0 0
80%
7 Renault J. Button 14 0 0
80%
10 Jaguar-Cosworth J. Button 17 0 0
80%
3 BAR-Honda J. Button 85 0 10
80%
9 BAR-Honda J. Button 37 0 2
80%
6 Honda J. Button 56 1 3
80%
1 Brawn-Mercedes J. Button 95 6 9
80%
5 McLaren-Mercedes J. Button 214 2 7
80%
2 McLaren-Mercedes J. Button 270 3 12
80%
5 McLaren-Mercedes J. Button 188 3 6
80%
9 McLaren-Mercedes J. Button 72 0 0
80%
8 McLaren-Mercedes J. Button 126 0 1
80%
8 Red Bull-Honda / Toro Rosso-Honda A. Albon 92 0 0
78%
7 Red Bull-Honda A. Albon 105 0 2
78%
3 Ferrari F. Massa 80 2 7
78%
4 Ferrari F. Massa 94 3 10
78%
2 Ferrari F. Massa 97 6 10
78%
6 Ferrari F. Massa 144 0 5
78%
6 Ferrari F. Massa 118 0 0
78%
7 Ferrari F. Massa 122 0 2
78%
8 Ferrari F. Massa 112 0 1
78%
7 Williams-Mercedes F. Massa 134 0 3
78%
6 Williams-Mercedes F. Massa 121 0 2
78%
10 Sauber-Ferrari N. Hülkenberg 51 0 0
78%
9 Force India-Mercedes N. Hülkenberg 96 0 0
78%
10 Force India-Mercedes N. Hülkenberg 58 0 0
78%
9 Force India-Mercedes N. Hülkenberg 72 0 0
78%
10 Renault N. Hülkenberg 43 0 0
78%
7 Renault N. Hülkenberg 69 0 0
78%
8 Lotus-Renault R. Grosjean 96 0 3
74%
7 Lotus-Renault R. Grosjean 132 0 6
74%
9 BAR-Honda M. Webber 17 0 0
72%
10 Williams-BMW M. Webber 36 0 1
72%
4 Red Bull-Renault M. Webber 69,5 2 8
72%
3 Red Bull-Renault M. Webber 242 4 10
72%
3 Red Bull-Renault M. Webber 258 1 10
72%
6 Red Bull-Renault M. Webber 179 2 4
72%
3 Red Bull-Renault M. Webber 199 0 8
72%
9 Haas-Ferrari K. Magnussen 56 0 0
70%
2 McLaren-Mercedes M. Häkkinen 89 4 11
67%
5 McLaren-Mercedes M. Häkkinen 37 2 3
67%
7 Red Bull-Renault D. Kvyat 95 0 1
56%
4 Ferrari R. Barrichello 62 1 9
56%
3 Ferrari R. Barrichello 56 0 10
56%
2 Ferrari R. Barrichello 77 4 10
56%
4 Ferrari R. Barrichello 65 2 8
56%
2 Ferrari R. Barrichello 114 2 14
56%
8 Ferrari R. Barrichello 38 0 4
56%
7 Honda R. Barrichello 30 0 0
56%
3 Brawn-Mercedes R. Barrichello 77 2 6
56%
10 Williams-Cosworth R. Barrichello 47 0 0
56%
3 McLaren-Mercedes D. Coulthard 73 3 11
48%
2 McLaren-Mercedes D. Coulthard 65 2 10
48%
5 McLaren-Mercedes D. Coulthard 41 1 6
48%
7 McLaren-Mercedes D. Coulthard 51 1 3
48%
10 McLaren-Mercedes D. Coulthard 24 0 0
48%
10 Red Bull-Renault D. Coulthard 14 0 0
48%
6 BMW Sauber R. Kubica 39 0 0
47%
4 BMW Sauber R. Kubica 75 1 7
47%
8 Renault R. Kubica 136 0 3
47%
7 BAR-Honda J. Villeneuve 17 0 0
43%
7 BAR-Honda J. Villeneuve 12 0 2
43%
6 Williams-BMW J. Montoya 31 1 4
37%
3 Williams-BMW J. Montoya 50 0 7
37%
3 Williams-BMW J. Montoya 82 2 9
37%
5 Williams-BMW J. Montoya 58 1 3
37%
4 McLaren-Mercedes J. Montoya 60 3 5
37%
8 McLaren-Mercedes J. Montoya 26 0 2
37%
6 Benetton-Playlife G. Fisichella 18 0 3
34%
5 Renault G. Fisichella 58 1 3
34%
4 Renault G. Fisichella 72 1 5
34%
8 Renault G. Fisichella 21 0 0
34%
10 Jordan-Mugen Honda J. Trulli 6 0 0
34%
9 Jordan-Honda J. Trulli 12 0 0
34%
8 Renault J. Trulli 9 0 0
34%
8 Renault J. Trulli 33 0 1
34%
6 Renault/Toyota J. Trulli 46 1 2
34%
7 Toyota J. Trulli 43 0 3
34%
9 Toyota J. Trulli 31 0 1
34%
8 Toyota J. Trulli 32,5 0 3
34%
7 Renault H. Kovalainen 30 0 1
33%
7 McLaren-Mercedes H. Kovalainen 53 1 3
33%
9 Force India-Mercedes A. Sutil 42 0 0
22%
10 Toyota T. Glock 25 0 1
22%
10 Toyota T. Glock 24 0 2
22%
8 Sauber-Petronas N. Heidfeld 12 0 1
21%
10 Sauber-Petronas N. Heidfeld 7 0 0
21%
9 BMW Sauber N. Heidfeld 23 0 1
21%
5 BMW Sauber N. Heidfeld 61 0 2
21%
6 BMW Sauber N. Heidfeld 60 0 4
21%
10 Renault V. Petrov 37 0 1
21%
9 Jaguar-Cosworth E. Irvine 8 0 1
18%
8 BAR-Honda T. Satō 34 0 1
14%
9 Jordan-Mugen Honda H. Frentzen 11 0 2
13%
Aucun quiz correspondant
Distribution des résultats
% des personnes avec chaque résultat
Percentile par nombre de réponses
Votre historique - résultats
Vous n’avez pas pris ce quiz depuis la dernière actualisation